Basic engineering thermodynamics / (Record no. 33212)
[ view plain ]
| 000 -LEADER | |
|---|---|
| fixed length control field | 01008cam a2200301 a 4500 |
| 001 - CONTROL NUMBER | |
| control field | 556460 |
| 003 - CONTROL NUMBER IDENTIFIER | |
| control field | OSt |
| 005 - DATE AND TIME OF LATEST TRANSACTION | |
| control field | 20170105113104.0 |
| 008 - FIXED-LENGTH DATA ELEMENTS--GENERAL INFORMATION | |
| fixed length control field | 890203t19871966enka 001 0 eng |
| 010 ## - LIBRARY OF CONGRESS CONTROL NUMBER | |
| LC control number | 88182078 |
| 020 ## - INTERNATIONAL STANDARD BOOK NUMBER | |
| International Standard Book Number | 0470210753 |
| 040 ## - CATALOGING SOURCE | |
| Original cataloging agency | DLC |
| Transcribing agency | DLC |
| Modifying agency | DLC |
| 050 00 - LIBRARY OF CONGRESS CALL NUMBER | |
| Classification number | TJ255 |
| Item number | .J6 1987 |
| 082 00 - DEWEY DECIMAL CLASSIFICATION NUMBER | |
| Classification number | 621.4021 |
| Edition number | 19 |
| 100 1# - MAIN ENTRY--PERSONAL NAME | |
| Personal name | Joel, Rayner. |
| 245 10 - TITLE STATEMENT | |
| Title | Basic engineering thermodynamics / |
| Statement of responsibility, etc. | Rayner Joel. |
| 250 ## - EDITION STATEMENT | |
| Edition statement | 5th |
| 260 ## - PUBLICATION, DISTRIBUTION, ETC. | |
| Place of publication, distribution, etc. | Harlow, Essex, England : |
| Name of publisher, distributor, etc. | Longman Scientific & Technical ; |
| Place of publication, distribution, etc. | Somerset, N.J. : |
| Name of publisher, distributor, etc. | J. Wiley, Eastern Distribution Center, |
| Date of publication, distribution, etc. | 2013. |
| 300 ## - PHYSICAL DESCRIPTION | |
| Extent | xii, 803 p. : |
| Other physical details | ill. ; |
| Dimensions | 22 cm. |
| 500 ## - GENERAL NOTE | |
| General note | Rev. ed. of: Basic engineering thermodynamics in SI units. 3rd ed. 1971. |
| 500 ## - GENERAL NOTE | |
| General note | Distributor from label on t.p. |
| 500 ## - GENERAL NOTE | |
| General note | Includes index. |
| 650 #0 - SUBJECT ADDED ENTRY--TOPICAL TERM | |
| Topical term or geographic name entry element | Heat-engines. |
| 650 #0 - SUBJECT ADDED ENTRY--TOPICAL TERM | |
| Topical term or geographic name entry element | Thermodynamics. |
| 700 1# - ADDED ENTRY--PERSONAL NAME | |
| Personal name | Joel, Rayner. |
| Title of a work | Basic engineering thermodynamics in SI units. |
| 906 ## - LOCAL DATA ELEMENT F, LDF (RLIN) | |
| a | 7 |
| b | cbc |
| c | orignew |
| d | 3 |
| e | ncip |
| f | 19 |
| g | y-gencatlg |
| 942 ## - ADDED ENTRY ELEMENTS (KOHA) | |
| Source of classification or shelving scheme | |
| Koha item type | Book |
| Withdrawn status | Lost status | Source of classification or shelving scheme | Damaged status | Not for loan | Permanent Location | Current Location | Date acquired | Total Checkouts | Total Renewals | Full call number | Barcode | Date last seen | Date last checked out | Price effective from | Koha item type |
|---|---|---|---|---|---|---|---|---|---|---|---|---|---|---|---|
| Central Library (CL) | Central Library (CL) | 01/11/2016 | 1 | 1 | 621.4021 JOE | SMME-2382 | 01/12/2025 | 09/19/2024 | 01/11/2016 | Book | |||||
| School of Civil and Environmental Engineering (SCEE) | School of Civil and Environmental Engineering (SCEE) | 09/11/2019 | 621.4021 | NIT-10423 | 09/11/2019 | 09/11/2019 | Book | ||||||||
| School of Civil and Environmental Engineering (SCEE) | School of Civil and Environmental Engineering (SCEE) | 09/11/2019 | 621.4021 | NIT-10424 | 09/11/2019 | 09/11/2019 | Book | ||||||||
| School of Civil and Environmental Engineering (SCEE) | School of Civil and Environmental Engineering (SCEE) | 09/11/2019 | 621.4021 | NIT-10425 | 09/11/2019 | 09/11/2019 | Book | ||||||||
| School of Civil and Environmental Engineering (SCEE) | School of Civil and Environmental Engineering (SCEE) | 09/11/2019 | 621.4021 | NIT-10426 | 09/11/2019 | 09/11/2019 | Book | ||||||||
| School of Civil and Environmental Engineering (SCEE) | School of Civil and Environmental Engineering (SCEE) | 09/11/2019 | 1 | 621.4021 | NIT-10428 | 06/28/2021 | 10/01/2019 | 09/11/2019 | Book | ||||||
| School of Civil and Environmental Engineering (SCEE) | School of Civil and Environmental Engineering (SCEE) | 09/11/2019 | 621.4021 | NIT-10429 | 09/11/2019 | 09/11/2019 | Book |
